000 00479nam a2200181Ia 4500
005 20250326123738.0
008 250326s9999 xx 000 0 und d
037 _aTextbook
040 _aFMSL
_beng
_cFMSL
041 _aeng
_2eng
084 _aL:14 L7
_qFMSL
100 _aYanda R
_9735975
245 0 _aDoctors as managers of health teams
_cYanda R
260 _aNY
_bNY, A M A Com
_c1977
300 _a271p
942 _cTB
_hL:14 L7
999 _c1270772
_d1270772